Miestne samosprávy a poľnohospodárstvo.

Vzťah miestnej samosprávy a poľnohospodárskych podnikov na vidieku SR a význam ich spolupráce pri riešení financovania miestnych rozpočtov. Program obnovy dediny a poľnohospodárstva. Budovanie technickej a sociálnej infraštruktúry. Stimulácia podnikateľských aktivít samosprávami. Funkcia agrárnej po...

Description complète

Enregistré dans:
Détails bibliographiques
Auteur principal: Buchta, Stanislav
Format: Chapitre de livre
Langue:slovaque
Sujets:
Tags: Ajouter un tag
Pas de tags, Soyez le premier à ajouter un tag!

MARC

LEADER 00000naa a2200000 4500
001 r009741
005 20220831091117.4
041 0 |a slo 
044 |a [CS] 
245 1 0 |a Miestne samosprávy a poľnohospodárstvo.  |c Stanislav Buchta 
520 |a Vzťah miestnej samosprávy a poľnohospodárskych podnikov na vidieku SR a význam ich spolupráce pri riešení financovania miestnych rozpočtov. Program obnovy dediny a poľnohospodárstva. Budovanie technickej a sociálnej infraštruktúry. Stimulácia podnikateľských aktivít samosprávami. Funkcia agrárnej politiky pri realizácii sociálnych funkcií údržby krajiny a stabilizácie osídlenia. 
610 2 0 |a správa miestna 
610 2 0 |a samospráva 
610 2 0 |a vidiek 
610 2 0 |a Slovensko 
610 2 0 |a podnik poľnohospodársky 
610 2 0 |a rozpočet miestny 
610 2 0 |a financovanie 
610 2 0 |a infraštruktúra sociálna 
610 2 0 |a infraštruktúra technická 
610 2 0 |a podnikanie 
100 1 |a Buchta, Stanislav